Diabetic nephropathy in insulin dependent diabetes mellitus / (رقم التسجيلة. 179761)
[ عرض عادي ]
| 000 -LEADER | |
|---|---|
| fixed length control field | 01442namaa22003371i 4500 |
| 005 - أخر تعامل مع التسجيلة | |
| control field | 20260427121542.0 |
| 008 - FIXED-LENGTH DATA ELEMENTS--GENERAL INFORMATION | |
| fixed length control field | 260427s1994 ua a|||frm||| 000 0 eng d |
| 040 ## - CATALOGING SOURCE | |
| Original cataloguing agency | EG-GICUC |
| Language of cataloging | eng |
| Transcribing agency | EG-GICUC |
| Modifying agency | EG-GICUC |
| Description conventions | rda |
| 041 0# - LANGUAGE CODE | |
| Language code of text/sound track or separate title | eng |
| Language code of summary or abstract | eng |
| -- | ara |
| 049 ## - Acquisition Source | |
| Acquisition Source | Deposit |
| 097 ## - Degree | |
| Degree | Ph.D |
| 099 ## - LOCAL FREE-TEXT CALL NUMBER (OCLC) | |
| Local Call Number | Cai01.11.28.Ph.D.1994.Mo.D |
| 100 0# - MAIN ENTRY--PERSONAL NAME | |
| Authority record control number or standard number | Mona Mamdouh A. Hassan, |
| Preparation | preparation. |
| 245 10 - TITLE STATEMENT | |
| Title | Diabetic nephropathy in insulin dependent diabetes mellitus / |
| Statement of responsibility, etc. | By Mona Mamdouh A. Hassan ; Supervised Prof. Dr. Safinaz Maraghy, Prof. Dr. Isis M. Ghaly, Prof. Dr. Nermine Salah, Ass. Prof. Dr. Fatmah El Mogy |
| 246 15 - VARYING FORM OF TITLE | |
| Title proper/short title | تاثير الكلي في مرضي السكر المعتمد علي الانسولين |
| 264 #0 - PRODUCTION, PUBLICATION, DISTRIBUTION, MANUFACTURE, AND COPYRIGHT NOTICE | |
| Date of production, publication, distribution, manufacture, or copyright notice | 1994. |
| 300 ## - PHYSICAL DESCRIPTION | |
| Extent | 201 Leaves |
| Other physical details | illustrations |
| Dimensions | 30 cm. + |
| 336 ## - CONTENT TYPE | |
| Source | rda content |
| Content type term | text |
| 337 ## - MEDIA TYPE | |
| Source | rdamedia |
| Media type term | Unmediated |
| 338 ## - CARRIER TYPE | |
| Source | rdacarrier |
| Carrier type term | volume |
| 502 ## - DISSERTATION NOTE | |
| Dissertation note | Thesis (Ph.D)-Cairo University, 1994. |
| 504 ## - BIBLIOGRAPHY, ETC. NOTE | |
| Bibliography, etc. note | Bibliography: pages 169-201 |
| 653 #0 - INDEX TERM--UNCONTROLLED | |
| Uncontrolled term | Diabetic nephropathy |
| -- | insulin dependent diabetes mellitus |
| 700 0# - ADDED ENTRY--PERSONAL NAME | |
| Personal name | Safinaz Maraghy |
| Relator term | thesis advisor. |
| 700 0# - ADDED ENTRY--PERSONAL NAME | |
| Personal name | Isis M. Ghaly |
| Relator term | thesis advisor. |
| 700 0# - ADDED ENTRY--PERSONAL NAME | |
| Personal name | Nermine Salah |
| Relator term | thesis advisor. |
| 700 0# - ADDED ENTRY--PERSONAL NAME | |
| Personal name | Fatmah El Mogy |
| Relator term | thesis advisor. |
| 900 ## - Thesis Information | |
| Department | Department of Pediatrics |
| Faculties | Faculty of Medicine |
| Universities | Cairo University |
| Grant date | 1994 |
| Supervisory body | Safinaz Maraghy |
| -- | Isis M. Ghaly |
| -- | Nermine Salah |
| -- | Fatmah El Mogy |
| 905 ## - Cataloger and Reviser Names | |
| Cataloger Name | Nehad |
| 942 ## - ADDED ENTRY ELEMENTS (KOHA) | |
| Source of classification or shelving scheme | Dewey Decimal Classification |
| Koha item type | Thesis |
| Edition | 21 |
| Suppress in OPAC | No |
| Source of classification or shelving scheme | Home library | Current library | Date acquired | Inventory number | Full call number | Barcode | Date last seen | Effective from | Koha item type |
|---|---|---|---|---|---|---|---|---|---|
| Dewey Decimal Classification | المكتبة المركزبة الجديدة - جامعة القاهرة | مكتبة المئوية | 27.04.2026 | 26388 | Cai01.11.28.Ph.D.1994.Mo.D | 01010110026388000 | 27.04.2026 | 27.04.2026 | Thesis |